00433nam a22001577a 450000500170000001000150001702000260003203500140005803700090007208200100008110000160009124500720010726000430017927000350022230000180025720240404144651.0 aENG-140031 a9780063215009c450.00 aEN-123563 bDBAD a158.1 aRawat,Prem  aHear Yourself:bHow To Find Peace In A noisy World/cby Prem Rawat  aNoidabHarper Collins Publishersc2021 aA-75, Sector-57bNoidae201301 a260p.c21(pb)